Граматчиковой Людмиле Федоровне

Доступно только в Электронных читальных залах Найти на картеНа карте
RUSMARC
00003907nmc2a22002771x 450
00136996d5b-f5f4-49ff-ad6a-21e55df60ac1
00520131009224125.0
100##$a20130529l19061910k y0rusy50 ca
1010#$arus
102##$aRU
105##$ay z |||||
1222#$ad19060530
$ad19101210
2001#$aГраматчиковой Людмиле Федоровне
$j30 мая 1906 - 10 декабря 1910
215##$a111 листов
$cоткр., марки
251##$cДело
300##$aЗаголовок дела на папке: Письма Кони А. Ф. сестре, Граматчиковой Л. Ф.
300##$aРукописный текст
330##$aПереписка А. Ф. Кони; Письма А. Ф. Кони
461#0$10013a54f2e3-e9cf-409b-80fa-f0a9bd3c40cb
$12001
$aКони Анатолий Федорович, юрист, литератор, член академии наук, председатель Санкт-Петербургского окружного суда, член государственного совета
$1251
$cФонд
$1852
$j564
462#0$100178a475cd-a47d-4377-bff3-cee4b81de655
$12001
$aОпись дел фонда А. Ф. Кони за 1880-1931 гг.
$1251
$cОпись
$1852
$j1
517##$aПисьма Кони А. Ф. сестре, Граматчиковой Л. Ф.
600#1$aКони
$bА. Ф.
$f1844-1927
$gАнатолий Федорович
600#1$aГраматчикова
$bЛ. Ф.
$gЛюдмила Федоровна
801#0$aRU
$bGA_RF
801#1$aRU
$bНПО Опыт
$c20130529
$2rusmarc
801#2$aRU
$bПБ им. Б.Н. Ельцина
$c20131009
$gRCR
$2rusmarc
852##$aГА РФ
$j805
937##$d38795741
$hПБ
035##$aRuPRLIB51001445
Формат отображения